[Event "HUN-chT2 Charousek 1516"]
[Site "Hungary"]
[Date "2016.03.20"]
[Round "7.2"]
[White "Bekefi, Laszlo"]
[Black "Karsa, Laszlo"]
[Result "1/2-1/2"]
[WhiteElo "2216"]
[BlackElo "2331"]
[PlyCount "98"]
[EventDate "2015.10.18"]
[EventType "team-tourn"]
[EventRounds "9"]
[EventCountry "HUN"]
[SourceTitle "EXT 2017"]
[Source "ChessBase"]
[SourceDate "2016.10.25"]
[SourceVersion "1"]
[SourceVersionDate "2016.10.25"]
[SourceQuality "1"]
[WhiteTeam "SZASTE"]
[BlackTeam "Komlo"]
[WhiteTeamCountry "HUN"]
[BlackTeamCountry "HUN"]

1. e4 e5 2. Nc3 Nc6 3. Nf3 Nf6 4. d4 exd4 5. Nxd4 d6 6. Be3 Be7 7. Qd2 Ng4 8. Bf4 Bf6 9. Nxc6 bxc6 10. 0-0-0 0-0 11. h3 Ne5 12. Be3 Re8 13. f4 Ng6 14. g4 h6 15. Bd3 Rb8 16. b3 a5 17. a4 Bh4 18. Ne2 Rb4 19. Nd4 Nxf4 20. Nxc6 Qf6 21. e5 dxe5 22. Nxb4 axb4 23. Be4 Qe7 24. Bc6 Rf8 25. Be4 Ba6 26. Qd7 Ne2+ 27. Kb2 Nc3 28. Qc6 Nxd1+ 29. Rxd1 Qe6 30. Qxc7 Be7 31. Qb6 Qc8 32. Kb1 Be2 33. Re1 Ba6 34. Qc6 Qxc6 35. Bxc6 Rd8 36. Be4 Bh4 37. Rg1 Bg5 38. Bc5 Bd2 39. Bf3 Rc8 40. Rd1 Bc3 41. Be3 Re8 42. Bc6 Rc8 43. Rd6 Bf1 44. h4 Be2 45. g5 hxg5 46. hxg5 Kf8 47. Bc5 Kg8 48. Be3 Kf8 49. Bc5 Kg8 1/2-1/2

[Event "HUN-chT2 Charousek 1516"]
[Site "Hungary"]
[Date "2016.02.14"]
[Round "5.2"]
[White "Pataki, Gyozo"]
[Black "Bekefi, Laszlo"]
[Result "1-0"]
[WhiteElo "2347"]
[BlackElo "2216"]
[PlyCount "57"]
[EventDate "2015.10.18"]
[EventType "team-tourn"]
[EventRounds "9"]
[EventCountry "HUN"]
[SourceTitle "EXT 2017"]
[Source "ChessBase"]
[SourceDate "2016.10.25"]
[SourceVersion "1"]
[SourceVersionDate "2016.10.25"]
[SourceQuality "1"]
[WhiteTeam "Decs 1990"]
[BlackTeam "SZASTE"]
[WhiteTeamCountry "HUN"]
[BlackTeamCountry "HUN"]

1. c4 e5 2. Nc3 Nf6 3. g3 Bb4 4. Bg2 0-0 5. Qb3 Nc6 6. Bxc6 Bxc3 7. Qxc3 bxc6 8. Qxe5 d5 9. cxd5 cxd5 10. d3 Re8 11. Qd4 h6 12. Be3 a5 13. Rc1 Rb8 14. a3 Rb3 15. h3 Qd7 16. Nf3 Rb6 17. Qc3 d4 18. Bxd4 Nd5 19. Qxa5 Qf5 20. 0-0 Ra6 21. Nh4 Qxh3 22. Qxd5 Rd6 23. Qc5 Rxe2 24. Qxc7 Rxd4 25. Qxc8+ Qxc8 26. Rxc8+ Kh7 27. Rc7 Rxb2 28. Rxf7 Kg8 29. Rxg7+ 1-0

[Event "HUN-chT2 Charousek 1516"]
[Site "Hungary"]
[Date "2015.11.29"]
[Round "3.2"]
[White "Gyorkos, Lajos"]
[Black "Bekefi, Laszlo"]
[Result "1-0"]
[WhiteElo "2358"]
[BlackElo "2216"]
[PlyCount "78"]
[EventDate "2015.10.18"]
[EventType "team-tourn"]
[EventRounds "9"]
[EventCountry "HUN"]
[SourceTitle "CBM 170 Extra"]
[Source "ChessBase"]
[SourceDate "2016.02.25"]
[SourceVersion "1"]
[SourceVersionDate "2016.02.25"]
[SourceQuality "1"]
[WhiteTeam "Paks ASE II"]
[BlackTeam "SZASTE"]
[WhiteTeamCountry "HUN"]
[BlackTeamCountry "HUN"]

1. Nf3 c5 2. g3 g6 3. Bg2 Bg7 4. 0-0 Nc6 5. c4 d6 6. Nc3 e5 7. d3 Nge7 8. Ne1 Be6 9. Nc2 Qd7 10. Nd5 0-0 11. a3 f5 12. Rb1 f4 13. b4 Nf5 14. e3 fxg3 15. fxg3 Rae8 16. Bd2 Rf7 17. b5 Nce7 18. b6 Bxd5 19. cxd5 axb6 20. Bh3 Qa4 21. e4 Nd4 22. Nxd4 Qxd4+ 23. Kh1 Rxf1+ 24. Bxf1 Kh8 25. Rxb6 Ng8 26. Rxb7 Nf6 27. Be2 Rf8 28. Qg1 Qa4 29. Bc1 h5 30. h3 c4 31. Rb4 Qc2 32. Qe3 cxd3 33. Bxd3 Qd1+ 34. Kg2 Rc8 35. Bd2 Ra8 36. Rb1 Qa4 37. Bb4 Qd7 38. Rc1 Bf8 39. Rc6 Ne8 1-0

[Event "HUN-chT2 Charousek 1415"]
[Site "Hungary"]
[Date "2015.01.25"]
[Round "5"]
[White "Molnar, Bela"]
[Black "Bekefi, Laszlo"]
[Result "1/2-1/2"]
[WhiteElo "2307"]
[BlackElo "2237"]
[PlyCount "36"]
[EventDate "2014.10.12"]
[EventType "team-tourn"]
[EventRounds "9"]
[EventCountry "HUN"]
[SourceTitle "EXT 2016"]
[Source "ChessBase"]
[SourceDate "2015.10.08"]
[SourceVersion "1"]
[SourceVersionDate "2015.10.08"]
[SourceQuality "1"]
[WhiteTeam "Paks ASE II"]
[BlackTeam "SZASTE"]
[WhiteTeamCountry "HUN"]
[BlackTeamCountry "HUN"]

1. e4 e6 2. d4 d5 3. Nc3 Bb4 4. e5 Bf8 5. h4 c5 6. dxc5 Nc6 7. Nf3 Bxc5 8. Bd3 f6 9. Bf4 fxe5 10. Bxe5 Nf6 11. Qe2 0-0 12. 0-0 Bd7 13. a3 Qe8 14. b4 Nxe5 15. Qxe5 Bb6 16. Rae1 Rc8 17. Nd1 Bc7 18. Qg5 h6 1/2-1/2

[Event "HUN-chT2 Charousek 1415"]
[Site "Hungary"]
[Date "2014.10.12"]
[Round "1"]
[White "Karsa, Laszlo"]
[Black "Bekefi, Laszlo"]
[Result "1/2-1/2"]
[WhiteElo "2339"]
[BlackElo "2237"]
[PlyCount "70"]
[EventDate "2014.10.12"]
[EventType "team-tourn"]
[EventRounds "9"]
[EventCountry "HUN"]
[SourceTitle "EXT 2016"]
[Source "ChessBase"]
[SourceDate "2015.10.08"]
[SourceVersion "1"]
[SourceVersionDate "2015.10.08"]
[SourceQuality "1"]
[WhiteTeam "Komlo"]
[BlackTeam "SZASTE"]
[WhiteTeamCountry "HUN"]
[BlackTeamCountry "HUN"]

1. d4 g6 2. e4 Bg7 3. Nc3 c5 4. d5 d6 5. Nf3 Nf6 6. Bb5+ Bd7 7. a4 0-0 8. h3 Na6 9. 0-0 Nc7 10. Bxd7 Qxd7 11. Qe2 b6 12. Rd1 h6 13. e5 Nh7 14. Bf4 g5 15. Bh2 f5 16. Nb5 f4 17. c4 a6 18. Nc3 Rf5 19. e6 Qe8 20. g4 fxg3 21. fxg3 Qg6 22. g4 Rff8 23. Qd3 Qxd3 24. Rxd3 Bxc3 25. bxc3 b5 26. axb5 axb5 27. Rxa8 Rxa8 28. cxb5 Nxb5 29. c4 Ra3 30. Rxa3 Nxa3 31. Nd2 Nf6 32. Kf2 Nc2 33. Ke2 Kg7 34. Kd3 Nb4+ 35. Ke3 Nc2+ 1/2-1/2

[Event "HUN-chT2 Charousek 0708"]
[Site "Hungary"]
[Date "2008.05.18"]
[Round "11"]
[White "Agardi, Norbert"]
[Black "Bekefi, Laszlo"]
[Result "1-0"]
[WhiteElo "2167"]
[BlackElo "2294"]
[PlyCount "89"]
[EventDate "2007.10.14"]
[EventType "team"]
[EventRounds "11"]
[EventCountry "HUN"]
[SourceTitle "EXT 2009"]
[Source "ChessBase"]
[SourceDate "2008.11.26"]
[SourceVersion "1"]
[SourceVersionDate "2008.11.26"]
[SourceQuality "1"]
[WhiteTeam "Vizugy"]
[BlackTeam "Haladas II"]
[WhiteTeamCountry "HUN"]
[BlackTeamCountry "HUN"]

1. e4 c5 2. Nf3 d6 3. d4 Nf6 4. Nc3 cxd4 5. Nxd4 e6 6. Bc4 Be7 7. Bb3 Na6 8. f4 Nc5 9. e5 dxe5 10. fxe5 Nfd7 11. Bf4 Nxb3 12. axb3 0-0 13. Qe2 a6 14. 0-0-0 Qc7 15. Rhf1 b5 16. Nf5 exf5 17. e6 Qd8 18. exd7 Bxd7 19. Rd3 b4 20. Nd5 Bg5 21. Bxg5 Qxg5+ 22. Qd2 Qxd2+ 23. Rxd2 Be6 24. Nxb4 g5 25. Rd6 Rfd8 26. Rfd1 Rxd6 27. Rxd6 a5 28. Nd5 Ra7 29. g3 Kg7 30. Kd2 h5 31. c4 f4 32. gxf4 g4 33. Ne3 Kf6 34. Kc3 Ke7 35. Rd2 f5 36. b4 axb4+ 37. Kxb4 Ra1 38. Kc5 h4 39. b4 Ra3 40. Nd5+ Bxd5 41. Kxd5 Re3 42. b5 Kd7 43. c5 Re4 44. b6 Rxf4 45. Ke5+ 1-0

[Event "HUN-chT2 Charousek 0708"]
[Site "Hungary"]
[Date "2008.03.16"]
[Round "8"]
[White "Pasztor, Ferenc1111"]
[Black "Bekefi, Laszlo"]
[Result "0-1"]
[WhiteElo "2191"]
[BlackElo "2294"]
[PlyCount "64"]
[EventDate "2007.10.14"]
[EventType "team"]
[EventRounds "11"]
[EventCountry "HUN"]
[SourceTitle "EXT 2009"]
[Source "ChessBase"]
[SourceDate "2008.11.26"]
[SourceVersion "1"]
[SourceVersionDate "2008.11.26"]
[SourceQuality "1"]
[WhiteTeam "Tapolca"]
[BlackTeam "Haladas II"]
[WhiteTeamCountry "HUN"]
[BlackTeamCountry "HUN"]

1. d4 Nf6 2. Nf3 d6 3. c4 g6 4. Nc3 Bg7 5. e4 0-0 6. Be2 c5 7. d5 e6 8. Bg5 h6 9. Bh4 g5 10. Bg3 exd5 11. exd5 Nh5 12. Qd3 Nxg3 13. hxg3 Re8 14. Kf1 Nd7 15. Re1 Ne5 16. Nxe5 Rxe5 17. f4 Bf5 18. Qd2 Re8 19. g4 Bd7 20. Bf3 Rxe1+ 21. Kxe1 Qe7+ 22. Kd1 Re8 23. f5 a6 24. Ne4 b5 25. cxb5 axb5 26. f6 Bxf6 27. Rxh6 Bg7 28. Rxd6 Bxg4 29. Kc1 Be5 30. Bxg4 Bf4 31. Nf6+ Kh8 32. Nxe8 Qe1+ 0-1

[Event "HUN-chT2 Charousek 0708"]
[Site "Hungary"]
[Date "2007.11.11"]
[Round "2"]
[White "Borocz, Istvan"]
[Black "Bekefi, Laszlo"]
[Result "1-0"]
[WhiteElo "2375"]
[BlackElo "2294"]
[PlyCount "79"]
[EventDate "2007.10.14"]
[EventType "team"]
[EventRounds "11"]
[EventCountry "HUN"]
[SourceTitle "EXT 2009"]
[Source "ChessBase"]
[SourceDate "2008.11.26"]
[SourceVersion "1"]
[SourceVersionDate "2008.11.26"]
[SourceQuality "1"]
[WhiteTeam "Husi"]
[BlackTeam "Haladas II"]
[WhiteTeamCountry "HUN"]
[BlackTeamCountry "HUN"]

1. e4 c5 2. Nf3 e6 3. d4 cxd4 4. Nxd4 Nf6 5. Nc3 Nc6 6. Ndb5 d6 7. Bf4 e5 8. Bg5 a6 9. Na3 b5 10. Bxf6 gxf6 11. Nd5 f5 12. c3 Bg7 13. exf5 Bxf5 14. Nc2 0-0 15. Nce3 Bd7 16. Bd3 f5 17. Bc2 e4 18. Nf4 Be5 19. g3 b4 20. Ba4 Kh8 21. 0-0 bxc3 22. bxc3 Ne7 23. Bb3 Ng6 24. Nxg6+ hxg6 25. Nc4 Bxc3 26. Rc1 Bf6 27. Nxd6 Kg7 28. Nb7 Qe7 29. Rc7 Bb5 30. Rxe7+ Bxe7 31. Re1 Rab8 32. Bd5 Bd3 33. Qa4 Kh6 34. Qd7 Bg5 35. Nd6 Bd2 36. Rd1 Be2 37. Nf7+ Kh5 38. Qe7 g5 39. Qd6 Bxd1 40. Qh6+ 1-0

[Event "HUN-chT2 Charousek 0708"]
[Site "Hungary"]
[Date "2007.10.14"]
[Round "1"]
[White "Sipos, Janos"]
[Black "Bekefi, Laszlo"]
[Result "1-0"]
[WhiteElo "2168"]
[BlackElo "2294"]
[PlyCount "67"]
[EventDate "2007.10.14"]
[EventType "team"]
[EventRounds "11"]
[EventCountry "HUN"]
[SourceTitle "EXT 2009"]
[Source "ChessBase"]
[SourceDate "2008.11.26"]
[SourceVersion "1"]
[SourceVersionDate "2008.11.26"]
[SourceQuality "1"]
[WhiteTeam "Nagykanizsa II"]
[BlackTeam "Haladas II"]
[WhiteTeamCountry "HUN"]
[BlackTeamCountry "HUN"]

1. Nf3 e6 2. g3 b6 3. Bg2 Bb7 4. 0-0 f5 5. c4 Nf6 6. Nc3 Be7 7. d4 0-0 8. d5 Qc8 9. Ne1 Na6 10. e4 Nxe4 11. Nxe4 fxe4 12. Bxe4 Nc5 13. Bg2 exd5 14. Bxd5+ Kh8 15. Nd3 Bxd5 16. cxd5 Qb7 17. Nf4 Bd6 18. Qh5 Bxf4 19. Bxf4 Nd3 20. Be3 c5 21. dxc6 dxc6 22. Rad1 Rad8 23. Rd2 Rd5 24. Qe2 Qd7 25. Rfd1 Rd8 26. Bg5 Re8 27. Qxd3 Rxd3 28. Rxd3 Qf7 29. Rd8 h6 30. Rxe8+ Kh7 31. Re7 Qf3 32. Rdd7 hxg5 33. Rxg7+ Kh8 34. Rgf7 1-0

[Event "HUN-chT2 Charousek 0607"]
[Site "Hungary"]
[Date "2006.12.17"]
[Round "4"]
[White "Bekefi, Laszlo"]
[Black "Kincs, Imre"]
[Result "0-1"]
[WhiteElo "2294"]
[BlackElo "2240"]
[PlyCount "108"]
[EventDate "2006.11.12"]
[EventType "team"]
[EventRounds "11"]
[EventCountry "HUN"]
[SourceTitle "EXT 2008"]
[Source "ChessBase"]
[SourceDate "2007.11.25"]
[SourceVersion "1"]
[SourceVersionDate "2007.11.25"]
[SourceQuality "1"]
[WhiteTeam "Szentgotthard"]
[BlackTeam "Penzugyor"]
[WhiteTeamCountry "HUN"]
[BlackTeamCountry "HUN"]

1. Nf3 d5 2. c4 d4 3. e3 c5 4. exd4 cxd4 5. d3 g6 6. g3 Bg7 7. Bg2 Nc6 8. 0-0 Nh6 9. Re1 Nf5 10. Nbd2 h5 11. h3 Bd7 12. Ne4 0-0 13. a3 a5 14. Rb1 b6 15. b4 axb4 16. axb4 Qc7 17. Bd2 Ra7 18. b5 Nd8 19. c5 Ne6 20. c6 Bc8 21. Ra1 Rxa1 22. Qxa1 Rd8 23. Qa4 Nd6 24. Nxd6 Rxd6 25. Bb4 Rd5 26. Nd2 Re5 27. Rxe5 Bxe5 28. Nf3 Bf6 29. h4 Kg7 30. Qa3 Kf8 31. Qa2 Ke8 32. Qd5 Qd8 33. Qb3 Nc7 34. Nd2 Be6 35. Qa4 Qa8 36. Qxa8+ Nxa8 37. Nc4 Kd8 38. Bd2 Bf5 39. Be4 Bxe4 40. dxe4 Nc7 41. Nxb6 Nxb5 42. Nd5 Nc3 43. Kf1 Be5 44. f4 e6 45. Bxc3 dxc3 46. Ne3 Bd4 47. Nc2 Bc5 48. Ke2 Kc7 49. Ne1 Kxc6 50. Nd3 Bd4 51. f5 gxf5 52. exf5 e5 53. Kf3 Kd5 54. Ne1 e4+ 0-1

[Event "HUN-chT2 Charousek 0607"]
[Site "Hungary"]
[Date "2006.11.26"]
[Round "2"]
[White "Ribli, Zoltan"]
[Black "Bekefi, Laszlo"]
[Result "1-0"]
[WhiteElo "2584"]
[BlackElo "2294"]
[PlyCount "63"]
[EventDate "2006.11.12"]
[EventType "team"]
[EventRounds "11"]
[EventCountry "HUN"]
[SourceTitle "EXT 2008"]
[Source "ChessBase"]
[SourceDate "2007.11.25"]
[SourceVersion "1"]
[SourceVersionDate "2007.11.25"]
[SourceQuality "1"]
[WhiteTeam "Szenna Pack"]
[BlackTeam "Szentgotthard"]
[WhiteTeamCountry "HUN"]
[BlackTeamCountry "HUN"]

1. Nf3 Nf6 2. c4 d6 3. Nc3 Bf5 4. g3 c6 5. Bg2 h6 6. d4 Nbd7 7. 0-0 e5 8. d5 c5 9. Nh4 Bh7 10. e4 Be7 11. Qe2 0-0 12. Bd2 Re8 13. Kh1 Nf8 14. Bh3 N6d7 15. Nf5 Bxf5 16. Bxf5 Bg5 17. f4 exf4 18. gxf4 Bf6 19. Rae1 a6 20. Qg2 Rb8 21. e5 dxe5 22. Ne4 Bh4 23. Re2 exf4 24. Bxf4 Ne5 25. Nxc5 Nfg6 26. Bxg6 Nxg6 27. Bxb8 Rxe2 28. Qxe2 Qxb8 29. Qe4 Be7 30. Rxf7 Qd6 31. Nxb7 Qb6 32. Qe6 1-0

[Event "HUN-chT2 Charousek 0506"]
[Site "Hungary"]
[Date "2006.04.23"]
[Round "11"]
[White "Bekefi, Laszlo"]
[Black "Boronyak, Arpad"]
[Result "1/2-1/2"]
[WhiteElo "2284"]
[BlackElo "2290"]
[PlyCount "53"]
[EventDate "2005.10.16"]
[EventType "team"]
[EventRounds "11"]
[EventCountry "HUN"]
[SourceTitle "EXT 2009"]
[Source "ChessBase"]
[SourceDate "2008.11.26"]
[SourceVersion "1"]
[SourceVersionDate "2008.11.26"]
[SourceQuality "1"]
[WhiteTeam "Szentgotthard"]
[BlackTeam "Csuti II"]
[WhiteTeamCountry "HUN"]
[BlackTeamCountry "HUN"]

1. Nc3 d5 2. e4 d4 3. Nce2 e5 4. Nf3 Bd6 5. Ng3 Nf6 6. Bc4 0-0 7. 0-0 Nc6 8. a3 Qe8 9. d3 Be6 10. Bxe6 Qxe6 11. Nf5 Ne7 12. N3h4 g6 13. Nh6+ Kg7 14. h3 Nfg8 15. Nxg8 Nxg8 16. Qg4 Qxg4 17. hxg4 h6 18. g3 Rac8 19. a4 Nf6 20. f3 a6 21. Bd2 Be7 22. Kf2 Nd7 23. Ng2 c5 24. b3 Rc6 25. Rh1 g5 26. Ne1 Nf6 27. Ke2 1/2-1/2

[Event "HUN-chT2 Charousek 0506"]
[Site "Hungary"]
[Date "2006.02.26"]
[Round "8"]
[White "Sziraki, Tamas"]
[Black "Bekefi, Laszlo"]
[Result "1/2-1/2"]
[WhiteElo "2322"]
[BlackElo "2284"]
[PlyCount "79"]
[EventDate "2005.10.16"]
[EventType "team"]
[EventRounds "11"]
[EventCountry "HUN"]
[SourceTitle "EXT 2009"]
[Source "ChessBase"]
[SourceDate "2008.11.26"]
[SourceVersion "1"]
[SourceVersionDate "2008.11.26"]
[SourceQuality "1"]
[WhiteTeam "BEAC"]
[BlackTeam "Szentgotthard"]
[WhiteTeamCountry "HUN"]
[BlackTeamCountry "HUN"]

1. e4 c5 2. Nf3 Nc6 3. d4 cxd4 4. Nxd4 Nf6 5. Nc3 d6 6. Bg5 a6 7. Qd2 e6 8. 0-0-0 Nxd4 9. Qxd4 Be7 10. f4 b5 11. Bd3 Bb7 12. Kb1 Qc7 13. e5 dxe5 14. fxe5 Bc5 15. Qh4 Nd7 16. Rhe1 Bxg2 17. Qg3 Bb7 18. Bf4 g6 19. Be4 Be7 20. Bxb7 Qxb7 21. Ne4 0-0-0 22. Bg5 Nb6 23. Bxe7 Rxd1+ 24. Rxd1 Qxe4 25. Qf2 Nd5 26. Bd6 Qg4 27. Rc1 Kb7 28. Qxf7+ Kb6 29. Qd7 Qc4 30. Ka1 Qc8 31. Qf7 g5 32. Qf1 Kb7 33. Qf7+ Ka8 34. Rf1 h6 35. Rf2 Nf4 36. Qg7 Qg8 37. Qc7 Qc8 38. Qg7 Qg8 39. Qc7 Qc8 40. Qg7 1/2-1/2

[Event "HUN-chT2 Charousek 0506"]
[Site "Hungary"]
[Date "2005.10.30"]
[Round "2"]
[White "Magyar, Otto"]
[Black "Bekefi, Laszlo"]
[Result "1/2-1/2"]
[WhiteElo "2278"]
[BlackElo "2284"]
[PlyCount "96"]
[EventDate "2005.10.16"]
[EventType "team"]
[EventRounds "11"]
[EventCountry "HUN"]
[SourceTitle "EXT 2009"]
[Source "ChessBase"]
[SourceDate "2008.11.26"]
[SourceVersion "1"]
[SourceVersionDate "2008.11.26"]
[SourceQuality "1"]
[WhiteTeam "Keszthely"]
[BlackTeam "Szentgotthard"]
[WhiteTeamCountry "HUN"]
[BlackTeamCountry "HUN"]

1. e4 c5 2. Nf3 Nc6 3. c4 Nf6 4. Nc3 e6 5. Be2 d5 6. exd5 exd5 7. d4 cxd4 8. Nxd4 dxc4 9. Nxc6 Qxd1+ 10. Nxd1 bxc6 11. Bd2 Be6 12. Rc1 0-0-0 13. Bxc4 Bxc4 14. Rxc4 Kb7 15. Ne3 Nd5 16. 0-0 Nb6 17. Rc2 Bc5 18. Rfc1 Bxe3 19. Bxe3 Rd6 20. Bc5 Re6 21. Kf1 Rd8 22. Re1 Rxe1+ 23. Kxe1 Rd5 24. f4 g6 25. b3 h5 26. Bf2 Rd7 27. Bxb6 axb6 28. Rd2 Re7+ 29. Re2 Rd7 30. Re5 Kc7 31. Ke2 Kd6 32. Kf3 b5 33. Re2 Ra7 34. g4 hxg4+ 35. Kxg4 c5 36. f5 Kd5 37. Kg5 gxf5 38. Kxf5 Kd4 39. h4 c4 40. bxc4 bxc4 41. Rh2 c3 42. h5 Kd3 43. h6 c2 44. Rh3+ Kd2 45. Rh2+ Kd3 46. Rh3+ Kd2 47. Rh2+ Kd3 48. Rh3+ Kd2 1/2-1/2

[Event "HUN-chT2 Szechenyi 0405"]
[Site "Hungary"]
[Date "2005.02.20"]
[Round "8"]
[White "Remete, Eszter"]
[Black "Bekefi, Laszlo"]
[Result "0-1"]
[WhiteElo "2108"]
[BlackElo "2284"]
[PlyCount "64"]
[EventDate "2004.09.26"]
[EventType "team"]
[EventRounds "11"]
[EventCountry "HUN"]
[SourceTitle "EXT 2009"]
[Source "ChessBase"]
[SourceDate "2008.11.26"]
[SourceVersion "1"]
[SourceVersionDate "2008.11.26"]
[SourceQuality "1"]
[WhiteTeam "Haladas II"]
[BlackTeam "Szentgotthard"]
[WhiteTeamCountry "HUN"]
[BlackTeamCountry "HUN"]

1. e4 c5 2. Nf3 a6 3. c4 e6 4. Nc3 Nc6 5. d4 cxd4 6. Nxd4 Nf6 7. Nxc6 dxc6 8. Qxd8+ Kxd8 9. Bg5 e5 10. f4 h6 11. Bh4 exf4 12. e5 g5 13. exf6 gxh4 14. 0-0-0+ Kc7 15. Ne4 Bg4 16. Rd2 Bf5 17. Bd3 Rd8 18. Nf2 Be6 19. Kc2 Bc5 20. Ne4 Be3 21. Rdd1 Rhg8 22. Rhg1 Bxg1 23. Rxg1 h3 24. g3 fxg3 25. Rxg3 Rxg3 26. Nxg3 Rd4 27. Kc3 Rf4 28. Nh5 Rf2 29. Kd4 Rxh2 30. Ke3 Rxb2 31. Nf4 h2 32. Nxe6+ Kd6 0-1

[Event "Toronto op"]
[Site "Toronto"]
[Date "1995.??.??"]
[Round "9"]
[White "Bekefi, Laszlo"]
[Black "Starr, Nava"]
[Result "1-0"]
[WhiteElo "2300"]
[BlackElo "2190"]
[PlyCount "101"]
[EventDate "1995.07.??"]
[EventType "swiss"]
[EventRounds "10"]
[EventCountry "CAN"]
[SourceTitle "EXT 1997"]
[Source "ChessBase"]
[SourceDate "1996.11.15"]
[SourceVersion "1"]
[SourceVersionDate "1996.11.15"]
[SourceQuality "1"]

1. e4 e5 2. Nf3 Nf6 3. Nc3 Nc6 4. d4 exd4 5. Nxd4 Bb4 6. Nxc6 bxc6 7. Bd3 d5 8. exd5 cxd5 9. 0-0 0-0 10. Bg5 Be6 11. Nb5 c5 12. a3 Ba5 13. b4 cxb4 14. Qe1 Re8 15. axb4 Bb6 16. Qc3 Bd7 17. Nd6 Re6 18. Nf5 Rc8 19. Qb2 Ra8 20. Ne3 Qb8 21. Bf5 Rxe3 22. fxe3 Bxf5 23. Bxf6 Bxe3+ 24. Kh1 Be4 25. Bxg7 Qc8 26. Be5 Qg4 27. c3 Rc8 28. Rad1 h5 29. Bd4 Bxd4 30. Rxd4 h4 31. Qf2 Rc7 32. Kg1 h3 33. g3 Qe6 34. Qe3 Qg6 35. b5 f5 36. Ra4 Qg7 37. Ra3 Rf7 38. Rf4 Rc7 39. b6 axb6 40. Ra8+ Kf7 41. Rxe4 dxe4 42. Qf4 Ke6 43. Re8+ Kd7 44. Re5 Qg4 45. Qd2+ Kc8 46. Re8+ Kb7 47. Qd5+ Rc6 48. Re7+ Ka6 49. Qa2+ Kb5 50. Qb3+ Kc5 51. Qb4+ 1-0

[Event "Toronto Casa Loma op"]
[Site "Toronto"]
[Date "1994.??.??"]
[Round "4"]
[White "Hartman, Brian"]
[Black "Bekefi, Laszlo"]
[Result "1/2-1/2"]
[WhiteElo "2390"]
[BlackElo "2300"]
[PlyCount "45"]
[EventDate "1994.??.??"]
[EventType "swiss (rapid)"]
[EventRounds "4"]
[EventCountry "CAN"]
[SourceTitle "EXT 2002"]
[Source "ChessBase"]
[SourceDate "2001.11.25"]
[SourceVersion "1"]
[SourceVersionDate "2001.11.25"]
[SourceQuality "1"]

1. e4 e6 2. d4 d5 3. e5 c5 4. Nf3 Nc6 5. Bd3 cxd4 6. 0-0 Nge7 7. Bf4 Ng6 8. Bg3 Be7 9. Nbd2 f5 10. exf6 gxf6 11. Nh4 f5 12. Nxg6 hxg6 13. Nf3 Bf6 14. Bb5 Bd7 15. Bxc6 bxc6 16. Nxd4 e5 17. Bxe5 Bxe5 18. Re1 Kf7 19. Rxe5 Rxh2 20. Kxh2 Qh8+ 21. Kg1 Qxe5 22. Nf3 Qf6 23. c3 1/2-1/2

[Event "Labor Day op"]
[Site "Canada"]
[Date "1992.??.??"]
[Round "4"]
[White "Bekefi, Laszlo"]
[Black "Velasquez, Manuel A"]
[Result "1-0"]
[WhiteElo "2300"]
[BlackElo "2260"]
[PlyCount "51"]
[EventDate "1992.??.??"]
[EventType "swiss"]
[EventRounds "10"]
[EventCountry "CAN"]
[SourceTitle "EXT 1999"]
[Source "ChessBase"]
[SourceDate "1998.11.16"]
[SourceVersion "1"]
[SourceVersionDate "1998.11.16"]
[SourceQuality "1"]

1. d4 Nf6 2. Nf3 g6 3. g3 Bg7 4. Bg2 0-0 5. 0-0 d6 6. b3 Nbd7 7. Bb2 e5 8. dxe5 Ng4 9. c4 Ngxe5 10. Nc3 a6 11. Nd4 Nc5 12. Qd2 Ne6 13. Nc2 f5 14. f4 Ng4 15. e4 Nc5 16. h3 Nf6 17. exf5 gxf5 18. Ne3 Rb8 19. b4 Nce4 20. Nxe4 Nxe4 21. Bxe4 fxe4 22. Bxg7 Kxg7 23. Kh2 Qf6 24. f5 Qe5 25. Ng4 Qe8 26. Qd4+ 1-0